Локализация и ликвидация разливов нефти; Проблемы геологии и освоения недр

Λεπτομέρειες βιβλιογραφικής εγγραφής
Parent link:Проблемы геологии и освоения недр.— 2005.— [С. 526-529]
Κύριος συγγραφέας: Сафронов А. А.
Άλλοι συγγραφείς: Зленко В. С. (научный руководитель), Шмурыгин В. А.
Περίληψη:Заглавие с титульного листа
Электронная версия печатной публикации
Γλώσσα:Ρωσικά
Έκδοση: 2005
Θέματα:
Διαθέσιμο Online:http://www.lib.tpu.ru/fulltext/v/Conferences/2005/K01/111.pdf
Μορφή: Ηλεκτρονική πηγή Κεφάλαιο βιβλίου
KOHA link:https://koha.lib.tpu.ru/cgi-bin/koha/opac-detail.pl?biblionumber=124680

MARC

LEADER 00000naa2a2200000 4500
001 124680
005 20251203112710.0
035 |a (RuTPU)RU\TPU\book\134933 
090 |a 124680 
100 |a 20071107d2005 k y0rusy50 ca 
101 0 |a rus 
102 |a RU 
135 |a drnn ---uucaa 
181 0 |a i  
182 0 |a b 
200 1 |a Локализация и ликвидация разливов нефти  |f А. А. Сафронов, В. С. Зленко  |g науч. рук. В. А. Шмурыгин 
203 |a Текст  |c электронный 
215 |a 1 файл ( 580 Кб) 
300 |a Заглавие с титульного листа 
300 |a Электронная версия печатной публикации 
337 |a Adobe Reader 
463 0 |0 (RuTPU)RU\TPU\book\111467  |y 5-89503-079-3  |t Проблемы геологии и освоения недр  |o труды Девятого международного симпозиума им. М. А. Усова, 2005 г. Томск  |f Томский политехнический университет; Проблемы геологии и освоения недр; под ред. Г. М. Ивановой, А. В. Шадриной  |v [С. 526-529]  |d 2005 
610 1 |a нефть 
610 1 |a разлив нефти 
610 1 |a трубопроводы 
610 1 |a экологические риски 
610 1 |a электронный ресурс 
610 1 |a труды учёных ТПУ 
700 1 |a Сафронов  |b А. А. 
701 1 |a Зленко  |b В. С. 
702 1 |a Шмурыгин  |b В. А.  |4 727 
801 1 |a RU  |b 63413507  |c 20071107  |g PSBO 
801 2 |a RU  |b 63413507  |c 20130719  |g RCR 
856 4 |u http://www.lib.tpu.ru/fulltext/v/Conferences/2005/K01/111.pdf 
942 |c CF